Loading...
Bureaucracy on trial policy making by government agencies
| Main Author: | |
|---|---|
| Format: | Printed Book |
| Language: | English |
| Published: |
NewYork
Bobbs Merrill
1964
|
| Subjects: |
| LEADER | 00507nam a22001577a 4500 | ||
|---|---|---|---|
| 003 | OSt | ||
| 008 | 100323t xxu||||| |||| 00| 0 eng d | ||
| 080 | |a 005.731 |b BOY | ||
| 100 | |a Boyer,William W |9 13340 | ||
| 245 | |a Bureaucracy on trial |b policy making by government agencies | ||
| 260 | |a NewYork |b Bobbs Merrill |c 1964 | ||
| 300 | |a 184p. | ||
| 653 | |a Bureaucracy | ||
| 942 | |c BK |6 _ | ||
| 999 | |c 193409 |d 193409 | ||
| 952 | |0 0 |1 0 |4 0 |6 005731_BOY |7 0 |9 249009 |a SLS |b SLS |d 2010-03-23 |o 005.731 BOY |p SLS008127 |r 2010-03-23 |w 2010-03-23 |y BK | ||